000 01375cam a2200397 i 4500
001 0000633
003 DO-SdBNP
005 20231002122514.0
007 0000633
008 100514s 2011 sp f spa
015 _a
017 _a
_b
020 _a9788466324106
035 _a
040 _aBPMSU
_bspa
_cBPMSU
_e
080 _a
082 4 _a332.024
_bK62c 2011
_222
100 1 _aKiyosaki, Robert T.
_d1947-
245 1 3 _aEl cuadrante del flujo de dinero :
_bguía del padre rico hacia la libertad
_cRobert T. Kiyosaki, Sharon L. Lechter ; traducción Fernando Álvarez del Castillo
246 1 3 _aEl cuadrante del flujo de dinero:
_bguía del padre rico hacia la libertad financiera /
250 _a2a. ed.
260 _aMéxio:
_bSantillana ediciones generales,
_c2011.
300 _a306 p.:
_c19 cm
490 0 _aPunto de lectura
_v198/5
500 _aIncluye datos biográficos de los autores.
534 _aTítulo original :
_tThe cashflow quadrant : Rich dad's guide to financial freedom.
590 _aInventariado, 2023/VM
650 4 _aFinanzas personales.
650 4 _aPlanificación del patrimonio.
650 4 _aÉxito en los negocios
700 1 _aLechter, Sharon L.
700 1 2 _aÁlvarez del Castillo, Fernando
_etrad.
830 0 _aPunto de lectura
_n198/5
910 _aVMateo V. Control de calidad BPMSU
942 _2ddc
_cBK
999 _c11242
_d11242